Cafcaf: an Islamic humor magazine, no joke!

Saved in:  
Bibliographic Details
Main Author: Ozgur, Iren 1976- (Author)
Format: Electronic Article
Language:English
Check availability: HBZ Gateway
Interlibrary Loan:Interlibrary Loan for the Fachinformationsdienste (Specialized Information Services in Germany)
Published: April 2012
In: Contemporary Islam
Year: 2012, Volume: 6, Issue: 1, Pages: 1-27
Further subjects:B Art
B Conservatism
B Fundamentalism
B Satire
B Library stack Journal
B Religious organization
B Islam and politics
B Konservatismus
B Print media
B Muslim
Online Access: Volltext (lizenzpflichtig)

MARC

LEADER 00000caa a2200000 c 4500
001 1734033614
003 DE-627
005 20231219061757.0
007 cr uuu---uuuuu
008 200930s2012 xx |||||o 00| ||eng c
035 |a (DE-627)1734033614 
035 |a (DE-599)KXP1734033614 
040 |a DE-627  |b ger  |c DE-627  |e rda 
041 |a eng 
084 |a RA06.06  |2 fivr 
084 |a SG09  |2 fivs 
084 |a 0  |2 ssgn 
100 1 |e VerfasserIn  |0 (DE-588)1026356520  |0 (DE-627)726583944  |0 (DE-576)371695287  |4 aut  |a Ozgur, Iren  |d 1976- 
109 |a Ozgur, Iren 1976- 
245 1 0 |a Cafcaf  |b an Islamic humor magazine, no joke!  |c Iren Ozgur 
264 1 |c April 2012 
336 |a Text  |b txt  |2 rdacontent 
337 |a Computermedien  |b c  |2 rdamedia 
338 |a Online-Ressource  |b cr  |2 rdacarrier 
601 |a Magazin 
650 0 7 |0 (DE-588)4049401-9  |0 (DE-627)106187147  |0 (DE-576)209081899  |a Religionsgemeinschaft  |2 gnd 
650 0 7 |0 (DE-588)4040921-1  |0 (DE-627)106221205  |0 (DE-576)209042680  |a Muslim  |2 gnd 
650 0 7 |0 (DE-588)4114333-4  |0 (DE-627)105822957  |0 (DE-576)209483733  |a Kunst  |2 gnd 
650 0 7 |0 (DE-588)4051752-4  |0 (DE-627)106175335  |0 (DE-576)209095075  |a Satire  |2 gnd 
650 0 7 |0 (DE-588)4193179-8  |0 (DE-627)105229008  |0 (DE-576)210085622  |a Druckmedien  |2 gnd 
650 0 7 |0 (DE-588)4224831-0  |0 (DE-627)10498371X  |0 (DE-576)210301376  |a Magazin  |g Zeitschrift  |2 gnd 
650 0 7 |0 (DE-588)4137178-1  |0 (DE-627)104458224  |0 (DE-576)209675438  |a Fundamentalismus  |2 gnd 
650 0 7 |0 (DE-588)1182267297  |0 (DE-627)1662604343  |a Politischer Islam  |2 gnd 
650 4 |a Konservatismus 
650 4 |a Conservatism 
773 0 8 |i Enthalten in  |t Contemporary Islam  |d Dordrecht : Springer, 2007  |g 6(2012), 1, Seite 1-27  |h Online-Ressource  |w (DE-627)558049362  |w (DE-600)2408207-7  |w (DE-576)277255872  |x 1872-0226  |7 nnas 
773 1 8 |g volume:6  |g year:2012  |g number:1  |g pages:1-27 
856 4 0 |u https://link.springer.com/article/10.1007/s11562-011-0158-7  |x Agentur  |z lizenzpflichtig  |3 Volltext  |7 1 
935 |a mteo 
936 f i |0 (DE-627)175613183X  |a RA06.06  |b Türkei  |k Europa  |k Südeuropa  |k Türkei  |2 fivr 
936 f i |0 (DE-627)1756136092  |a SG09  |b Religion/Religionsgemeinschaften  |k Gesellschaft  |k Religion/Religionsgemeinschaften  |2 fivs 
938 1 0 |0 (DE-627)1756221421  |0 (DE-615)6601588  |a Türkei  |2 fivt 
938 1 0 |0 (DE-627)1756170991  |0 (DE-615)6607192  |a Religionsgemeinschaft  |2 fivt 
938 1 0 |0 (DE-627)1756152586  |0 (DE-615)6608431  |a Muslime  |2 fivt 
938 1 0 |0 (DE-627)1756210861  |0 (DE-615)6605413  |a Kunst  |2 fivt 
938 1 0 |0 (DE-627)1756210314  |0 (DE-615)6607413  |a Satire  |2 fivt 
938 1 0 |0 (DE-627)1756169799  |0 (DE-615)6608904  |a Printmedien  |2 fivt 
938 1 0 |0 (DE-627)1756162700  |0 (DE-615)6602071  |a Magazin  |2 fivt 
938 1 0 |0 (DE-627)1756152268  |0 (DE-615)6607601  |a Fundamentalistische Orientierung  |2 fivt 
938 1 0 |0 (DE-627)1756141762  |0 (DE-615)6603835  |a Religiöser Fundamentalismus  |2 fivt 
938 1 0 |0 (DE-627)1756218285  |0 (DE-615)6600436  |a Politischer Islam  |2 fivt 
938 1 1 |0 (DE-627)1756185751  |0 (DE-615)6606819  |a Konservatismus  |2 fiva 
951 |a AR 
ELC |a 1 
ITA |a 1  |t 1 
LOK |0 000 xxxxxcx a22 zn 4500 
LOK |0 001 4426544777 
LOK |0 003 DE-627 
LOK |0 004 1734033614 
LOK |0 005 20231219173209 
LOK |0 008 231205||||||||||||||||ger||||||| 
LOK |0 040   |a DE-Tue135  |c DE-627  |d DE-Tue135 
LOK |0 092   |o n 
LOK |0 852   |a DE-Tue135 
LOK |0 852 1  |9 00 
LOK |0 935   |a fivi 
LOK |0 939   |a 05-12-23  |b l01 
ORI |a SA-MARC-ixtheoa001.raw 
REF |a Islamismus 
REL |a 1 
STA 0 0 |a Art,Art,Visual art,Fundamentalism,Fundamentalism,Islam and politics,Muslim,Muslim,Mohammedan,Moslem,Print media,Religious organization,Religious society,Religion,Denomination,Satire 
STB 0 0 |a Art,Art,Communauté religieuse,Fondamentalisme,Fondamentalisme,Islam et politique,Musulman,Musulman,Médias imprimés,Satire 
STC 0 0 |a Arte,Arte,Comunidad religiosa,Fundamentalismo,Fundamentalismo,Islamismo y política,Medios impresos,Musulmán,Musulmán,Sátira 
STD 0 0 |a Arte,Arte,Comunità religiosa,Integralismo <motivo>,Integralismo,Fondamentalismo,Fondamentalismo,Fondamentalismo (motivo),Fondamentalismo,Media a stampa,Mezzi a stampa,Mezzi a stampa,Musulmano,Musulmano,Satira 
STE 0 0 |a 印刷媒体,基要主义,基要主义,基本教义派,原教旨主义,基本教义派,原教旨主义,宗教团体,穆斯林,穆斯林,艺术,讽刺,讽刺文学 
STF 0 0 |a 伊斯兰教与政治,印刷媒體,基要主義,基要主義,基本教義派,原教旨主義,基本教義派,原教旨主義,宗教團體,穆斯林,穆斯林,藝術,諷刺,諷刺文學 
STG 0 0 |a Arte,Arte,Comunidade religiosa,Fundamentalismo,Fundamentalismo,Muçulmano,Muçulmano,Mídia impressa,Sátira 
STH 0 0 |a Искусство (мотив),Искусство,Мусульманин (мотив),Мусульманин,Печатные медиа,Политический ислам,Религиозная община,Сатира,Фундаментализм (мотив),Фундаментализм 
STI 0 0 |a Έντυπος τύπος,Θρησκευτική κοινότητα,Μουσουλμάνος (μοτίβο),Μουσουλμάνος,Σάτιρα,Τέχνη (μοτίβο),Τέχνη,Φονταμενταλισμός <μοτίβο>,Φονταμενταλισμός,Θεμελιωτισμός,Θεμελιωτισμός (μοτίβο) 
SUB |a REL 
SYE 0 0 |a Religious community,Glaubensgemeinschaft,Religiöse Vereinigung,Scientology,Sekte,Religionsgenossenschaft,Religionsgesellschaft,Religionsgemeinschaften , Muslimin,Muslime,Mohammedaner,Mohammedanerin,Moslem,Muselman,Muselmann,Moslemische Frau,Muslimische Frau,Muslima,Moslemin,Mosliminnen,Moslem,Mohammedaner,Muselman,Muselmann,Muslime , Bildende Kunst,Kunstdenkmal , Parodie,Travestie , Printmedien , Bibliotheksmagazin,Büchermagazin,Bibliothek,Archivmagazin,Archivdepot,Archiv,Museumsmagazin,Sammlungsmagazin,Museum,Depot,Museumsdepot , Religiöser Fundamentalismus,Religion